Histoire de la littérature canadienne-française; : (Registro nro. 17751)
[ vista simple ]
| 000 -CABECERA | |
|---|---|
| campo de control de longitud fija | 00693cam a2200217 a 4500 |
| 001 - NÚMERO DE CONTROL | |
| campo de control | 000018230 |
| 005 - FECHA Y HORA DE LA ÚLTIMA TRANSACCIÓN | |
| campo de control | 20200929165418.0 |
| 008 - DATOS DE LONGITUD FIJA--INFORMACIÓN GENERAL | |
| campo de control de longitud fija | 780615s1970 xxc 000 0 fre d |
| 040 ## - FUENTE DE LA CATALOGACIÓN | |
| Centro catalogador/agencia de origen | DO-SdBNP |
| Lengua de catalogación | fre |
| Centro/agencia transcriptor | LC |
| Centro/agencia modificador | BNPHU |
| 043 ## - CÓDIGO DE ÁREA GEOGRÁFICA | |
| Código de área geográfica | n-cn-qu |
| 082 ## - NÚMERO DE LA CLASIFICACIÓN DECIMAL DEWEY | |
| Número de clasificación | 840.09 |
| Número de documento/Ítem | B895h |
| 049 ## - FONDOS LOCALES (OCLC) | |
| Fondos de biblioteca | BNGR |
| 100 1# - ENTRADA PRINCIPAL--NOMBRE DE PERSONA | |
| Nombre de persona | Brunet, Berthelot, |
| Fechas asociadas al nombre | 1901-1948. |
| 9 (RLIN) | 39475 |
| 245 10 - MENCIÓN DE TÍTULO | |
| Título | Histoire de la littérature canadienne-française; : |
| Resto del título | suivie de portraits d'écrivains. |
| 260 ## - PUBLICACIÓN, DISTRIBUCIÓN, ETC. | |
| Lugar de publicación, distribución, etc. | [Montréal] : |
| Nombre del editor, distribuidor, etc. | HMH, |
| Fecha de publicación, distribución, etc. | [1970]. |
| 300 ## - DESCRIPCIÓN FÍSICA | |
| Extensión | 139 p. ; |
| Dimensiones | 19 cm. |
| 490 1# - MENCIÓN DE SERIE | |
| Mención de serie | Reconnaissances |
| 650 #4 - PUNTO DE ACCESO ADICIONAL DE MATERIA--TÉRMINO DE MATERIA | |
| Término de materia o nombre geográfico como elemento de entrada | Literatura canadiense |
| Subdivisión general | Historia y crítica |
| 9 (RLIN) | 38054 |
| 830 #0 - PUNTO DE ACCESO ADICIONAL DE SERIE-TÍTULO UNIFORME | |
| Título uniforme | Reconnaissances |
| 9 (RLIN) | 39476 |
| 910 ## - DATOS DE OPCIÓN DEL USUARIO (OCLC) | |
| Datos de opción del usuario | Catalogación por copia / LC |
| Estado de retiro | Estado de pérdida | Restricciones de uso | No para préstamo | Código de colección | Localización permanente | Ubicación/localización actual | Ubicación en estantería | Fecha de adquisición | Número de inventario | Total de préstamos | Signatura topográfica completa | Código de barras | Fecha visto por última vez | Precio válido a partir de | Tipo de ítem Koha |
|---|---|---|---|---|---|---|---|---|---|---|---|---|---|---|---|
| Monografías: Libros y Folletos | General | General | En catalogación | 21.04.2010 | LF1 | 840.09 B895h | 18230-10 | 25.06.2020 | 25.06.2020 | Préstamo en sala |
